| 000 | 00333 a2200133 4500 | ||
|---|---|---|---|
| 005 | 20250414123336.0 | ||
| 020 | _a0 7131 1851 2 | ||
| 082 | _a658.87 LEA | ||
| 100 | _aLEAL, A. R. | ||
| 245 | _aRetailing | ||
| 260 |
_aLondon, _bArnold, E. _c1974. |
||
| 300 |
_aiv, 153p., ill., table, chart, _bIndex, _c23cm. |
||
| 942 |
_2ddc _cBKS |
||
| 999 |
_c1387 _d1387 |
||